Heroes of Faith (mentioned in Hebrews 11) - Bible - Statistics

General Stats
  • This quiz has been taken 817 times
    536 since last reset
  • The average score is 10 of 16
Answer Stats
Answer % Correct
Abraham
94%
Moses
88%
David
86%
Isaac
85%
Jacob
85%
Noah
79%
Joseph
75%
Sarah
55%
Samson
54%
Samuel
54%
Abel
53%
Enoch
48%
Gideon
42%
Rahab
40%
Barak
21%
Jephthah
17%
No matching quizzes found
Score Distribution
Percent of People with Each Score
Percentile by Number Answered
Your Score History
You have not taken this quiz since the last reset